Quantum mechanics (Record no. 36157)

MARC details
000 -LEADER
fixed length control field 00793 a2200241 4500
003 - CONTROL NUMBER IDENTIFIER
control field IN-BaIIA
005 - DATE AND TIME OF LATEST TRANSACTION
control field 20260507131140.0
008 - FIXED-LENGTH DATA ELEMENTS--GENERAL INFORMATION
fixed length control field 260507b |||||||| |||| 00| 0 eng d
020 ## - INTERNATIONAL STANDARD BOOK NUMBER
International Standard Book Number 978-3-527-34554-0
040 ## - CATALOGING SOURCE
Transcribing agency IIA Library
080 ## - UNIVERSAL DECIMAL CLASSIFICATION NUMBER
Universal Decimal Classification number 530.145
Item number COH-II
100 ## - MAIN ENTRY--PERSONAL NAME
Personal name Cohen-Tannoudji, Claude
9 (RLIN) 20293
245 ## - TITLE STATEMENT
Title Quantum mechanics
Remainder of title vol:II angular momentum, spin, and approximation methods
Statement of responsibility, etc. Claude Cohen- Tannoudji,Bernard Diu,and Franck Laloe
250 ## - EDITION STATEMENT
Edition statement 2nd ed.
260 ## - PUBLICATION, DISTRIBUTION, ETC.
Place of publication, distribution, etc. Weinheim
Name of publisher, distributor, etc. wiley-vch
Date of publication, distribution, etc. 2020
300 ## - PHYSICAL DESCRIPTION
Extent xvii, 1589p.
650 ## - SUBJECT ADDED ENTRY--TOPICAL TERM
Topical term or geographic name entry element The schwarz inequality
9 (RLIN) 49364
650 ## - SUBJECT ADDED ENTRY--TOPICAL TERM
Topical term or geographic name entry element Angularmomentum & Nottions
9 (RLIN) 49365
650 ## - SUBJECT ADDED ENTRY--TOPICAL TERM
Topical term or geographic name entry element The postulates of Quantum Mechanics
9 (RLIN) 49366
700 ## - ADDED ENTRY--PERSONAL NAME
Personal name Diu, Bernard
9 (RLIN) 49360
700 ## - ADDED ENTRY--PERSONAL NAME
Personal name Franck Laloe
9 (RLIN) 49367
942 ## - ADDED ENTRY ELEMENTS (KOHA)
Source of classification or shelving scheme Universal Decimal Classification
Koha item type Books
Holdings
Withdrawn status Lost status Source of classification or shelving scheme Damaged status Not for loan Home library Current library Shelving location Date acquired Source of acquisition Cost, normal purchase price Total Checkouts Full call number Barcode Date last seen Cost, replacement price Price effective from Koha item type Purchase Price
    Dewey Decimal Classification     IIA Library-Bangalore IIA Library-Kodaikanal General Stacks 30/03/2026 7 13966.08   530.145/ COH-II 21030 30/03/2026 15517.87 30/03/2026 Books  

Powered by Koha